| 000 | 00614cam a22002411 4500 | ||
|---|---|---|---|
| 001 | sa 65003932 | ||
| 003 | DLC | ||
| 005 | 20260227112127.0 | ||
| 008 | 900221s1961 ii c 000 0 sano | ||
| 010 | _asa 65003932 | ||
| 035 | _a(OCoLC)21104876 | ||
| 040 |
_aDLC _cWaU _dDLC |
||
| 042 | _apremarc | ||
| 043 | _aa-ii--- | ||
| 050 | 0 | 0 |
_aDS434 _b.V9 |
| 100 | 1 | _aVyāsa, Someśvara Śarmā. | |
| 245 | 1 | 0 | _aBhāratīya-nararatna-samuccayaḥ. |
| 260 | _c1961. | ||
| 300 |
_a4, 74 p. _bports. _c21 cm. |
||
| 500 | _aIn Sanskrit. | ||
| 651 | 0 |
_aIndia _vBiography. |
|
| 700 | 1 |
_aTripāṭhī, Rudradeva, _d1925- |
|
| 999 |
_c63443 _d63443 |
||